Солдаты 1 сезон - Statistics

General Stats
  • This quiz has been taken 40 times
    38 since last reset
  • The average score is 11 of 18
Answer Stats
Вопрос Ответ % Correct
Кто "помогал" в Учёбе прапорщику Шматко? Соколов
87%
С кем была свадьба у Ирины в последней серии? Колобков
87%
Кого изначально посчиталиДоносчиком? Кабанов
80%
Что Колобков "потерял" впредпоследней серии? Пистолет
73%
Кто потратил все деньги сослуживцевв увольнении,в игровом зале? Вакутагин
73%
Кто вылечил зубы Фомину и дочке Зубова Вакутагин
73%
кто был 2-ым? Медведев
67%
У кого была жена на гражданке? Кабанов
63%
Кто отшиб себе палец гаечным ключом? Медведев
63%
Кто на самом деле был доносчиком? Ходоков
60%
"От Карпат до Пиринеев лучше всех _ _" Сержант Рылеев
60%
Кто был 1-ым автором песни "Юность в сапогах"? Соколов
60%
Кто был писарем? Звягин
53%
Кто был поваром? Сухачёв
37%
Кто попал в капкан? Сухачёв
37%
Где сержанты хранили спиртное? Горелка/Арбуз
37%
Из какого города был Медведев Ярославль
37%
Один из сержантов 5-ой роты? Кондратьев
3%
No matching quizzes found
Score Distribution
Percent of People with Each Score
Percentile by Number Answered
Your Score History
You have not taken this quiz since the last reset